| 000 | 00859nam a22003015i 4500 | ||
|---|---|---|---|
| 999 |
_c1125 _d1125 |
||
| 001 | 19356321 | ||
| 003 | GZU | ||
| 005 | 20200924153008.0 | ||
| 008 | 161028s2017 cau 000 0 eng | ||
| 010 | _a 2016958237 | ||
| 020 | _a9781473937697 (pbk..) | ||
| 020 | _a9781473937680 (hardback) | ||
| 040 |
_aDLC _beng _erda _cDLC |
||
| 042 | _apcc | ||
| 050 |
_a495.2 _bDOE |
||
| 100 | 1 | _aDoel, Marcus. | |
| 245 | 1 | 0 |
_aGeographies of violence : _bkilling space, killing time / _cMarcus Doel. |
| 250 | _a1st edition. | ||
| 263 | _a1706 | ||
| 264 | 1 |
_aThousand Oaks, CA : _bSAGE Inc, _c2017. |
|
| 300 | _apages cm | ||
| 336 |
_atext _btxt _2rdacontent |
||
| 337 |
_aunmediated _bn _2rdamedia |
||
| 338 |
_avolume _bnc _2rdacarrier |
||
| 906 |
_a0 _bibc _corignew _d2 _eepcn _f20 _gy-gencatlg |
||
| 942 |
_cBK _h495.2 _iDOE _kGN |
||